Formación politico-social y cívica : primer curso de bachillerato (plan 1967)

Gespeichert in:
Bibliographische Detailangaben
1. Verfasser: Jiménez Villalba, Nicolás
Format: Buch
Sprache:Spanisch
Erschienen: Madrid : Almena, D.L. 1969
Ausgabe:2ª ed.
Katalog:MANES:  Suchergebnis im Bibliothekskatalog
Schulbuchspezifische Eigenschaften:
Schlagworte:
Tags: Tag hinzufügen
Keine Tags, Fügen Sie den ersten Tag hinzu!
Hinzugefügt zu:22.07.2003
Geändert in:07.05.2025

MARC

LEADER 00000cam a2200000 i 4500
005 20250507134547.0
008 030723s1969 espa fp 000 0 spa d
040 |a uned  |b spa  |c entro-manes 
100 1 |a Jiménez Villalba, Nicolás  |9 40639 
245 1 0 |a Formación politico-social y cívica :  |b primer curso de bachillerato (plan 1967) /   |c Nicolás Jiménez Villalba 
250 |a 2ª ed. 
260 |a Madrid :   |b Almena,   |c D.L. 1969 
300 |a 161 p. :   |b il. 
546 |a España 
561 |5 es-BUNED  |3 L.T. 3508  |a España. Fondo Manes UNED  |k MANES 
690 0 |a ECS  |a RyM 
650 7 |a Educación ética  |9 36093  |a Mujeres  |9 36320 
691 0 |a SE 
942 |2 ddc  |c BK 
999 |c 97321  |d 97321 
999 |c manes:97321  |d 97321